000 00364nam a2200133Ia 4500
008 231221s9999 xx 000 0 und d
020 _a978-1-84996-133-2
041 _aEnglish
100 _aChris Blackmore
245 0 _aSocial Learning Systems and Communities of Practice
260 _c2010
_bSpringer US
_aNew York
650 _aComputer Science
942 _cEB
999 _c219237
_d219237